000 00798cam a2200253 a 4500
001 3013427
003 OSt
005 20160311154622.0
008 940215s1995 njua b 001 0 eng
010 _a 94008257
020 _a0135642795
040 _aSEKU
050 0 0 _aTK 7868
_b.B7
082 0 0 _a004.165
_220
100 1 _aBreeding, Kenneth J.
_q(Kenneth James),
_d1941-
245 1 0 _aMicroprocessor system design fundamentals /
_cKenneth J. Breeding.
260 _aEnglewood Cliffs, N.J. :
_bPrentice Hall,
_c1995.
300 _axiv, 402 p. :
_bill. ;
_c25 cm.
504 _aIncludes bibliographical references and index.
650 0 _aDigital electronics.
650 0 _aMicroprocessors.
650 0 _aElectronic apparatus and appliances
_xDesign and construction.
942 _2lcc
_cGEN
999 _c12044
_d12044